Estatísticas para Velocidades de estol

Clique aqui para jogar o quiz

Estatísticas Gerais

  • Esse quiz foi jogado 45 vezes
  • A pontuação média é 10 de 12

Estatísticas das Respostas

HintResposta% Correto
1700 decolagem com motor57
100%
1700 aterragem com motor52
83%
1500 decolagem com motor52
83%
1500 cruzeiro com motor53
83%
1700 cruzeiro com motor57
83%
1700 aterragem sem motor60
83%
1500 cruzeiro sem motor62
83%
1500 decolagem sem motor63
83%
1700 cruzeiro sem motor66
83%
1700 decolagem sem motor69
83%
1500 aterragem com motor49
67%
1500 aterragem sem motor55
67%

Distribuição das Pontuações

Percentil de Números Respondidos

Porcentagem de Pessoas com Cada Pontuação

Sua Pontuação Histórica

Você não jogou esse quiz